| 000 | 01222ngm a2200361 4500 | ||
|---|---|---|---|
| 999 |
_c18486 _d18486 |
||
| 003 | dpl | ||
| 005 | 20181217154240.0 | ||
| 007 | DVD 4 3/4inch | ||
| 008 | ||||||sp199 xxu|||||c ||| 00| 0 ng d | ||
| 010 | _aDVD-001093-1095 & DVD-004333-4336 | ||
| 024 |
_aSHE DVD 333 _c169.00 |
||
| 035 | _aDVD-001093-1095 | ||
| 035 | _aDVD-004333-4336 | ||
| 040 |
_aDPL _cDPL |
||
| 082 | _aDVD / AAJA | ||
| 245 |
_aAaj aur Kal _cChitra Panchdeep Presents _h[videorecording] DVD/ |
||
| 260 | _bShemaroo Entertainment Pvt. Ltd. | ||
| 300 |
_a1 videodisc DVD; (145 min.) : _bsd., col. ; _c4 3/4 in. _fDVD |
||
| 440 | _aShemaroo Home Entertainment | ||
| 500 | _aRE--MASTERED FROM THE ORIGINAL FILM | ||
| 538 | _aDolby Digital 5.1 - Hindi Subtitles: English | ||
| 650 | _aMotion Picture | ||
| 700 | _aJoglekar, Vasant | ||
| 700 | _aDeshpande,P.L | ||
| 700 | _aSahir | ||
| 700 | _aRavi | ||
| 700 | _aAshok Kumar | ||
| 700 | _aDutt,Sunil | ||
| 700 | _aNanda | ||
| 942 |
_cCF _2ddc _hDVD _mAAJA |
||